000 00288nam a22001337a 4500
008 170329b xxu||||| |||| 00| 0 eng d
020 _a9780883658468
041 _aeng
080 _a796.3
100 _a8
101 _ashm
245 _aTHE MASTERS OF GOLF
_cAULTMAN, D
942 _2udc
_cBK
999 _c8892
_d8892